Géographie de la Russie. - Statistiques

Statistiques générales
  • Ce quiz a été pris 638 fois
  • Le résultat moyen est 12 sur 21
Statistiques - réponses
Questions Réponses % Correct
Quelle est la capitale russe? Moscou
96%
Avec quel pays la Russie a-t-elle sa plus grande frontière? Kazakhstan
92%
Par quels océans la Russie est-elle bordée? Océan {Pacifique}
90%
Quelle est la deuxième ville russe par sa population? Saint-Pétersbourg
89%
Océan {Glacial Arctique}
79%
Quelle chaîne de montagne désigne traditionnellement la limite entre Europe et Asie? Oural
79%
Quel est le plus grand lac de la Russie? Lac {Baïkal}
74%
Par quelles mers? (Hors les mers arctiques) Mer {Noire}
73%
Quelle ville a reçu les Jeux Olympiques d'hiver en 2014? Sotchi
68%
Avec quel pays a-t-elle sa plus petite frontière? Corée du Nord
64%
Mer {Baltique}
54%
Mer {Caspienne}
54%
Quel est le point culminant de la Russie? Elbrouz
44%
Mer du {Japon}
42%
Quels sont les deux plus grands fleuves de Russie? Ob
39%
De combien en est-elle constituée? 12
35%
Mer de {Béring}
27%
Ienisseï
23%
Combien de sujets fédéraux comprend la Russie? 85
18%
Mer d'{Okhotsk}
13%
Quelle est la plus grande région économique de Russie? Extrême-Orient
3%
Aucun quiz correspondant
Distribution des résultats
% des personnes avec chaque résultat
Percentile par nombre de réponses
Votre historique - résultats
Vous n’avez pas pris ce quiz